| 000 | 00625nam a22001817a 4500 | ||
|---|---|---|---|
| 005 | 20251108172543.0 | ||
| 008 | 250721s9999 xx 000 0 ara d | ||
| 082 | 1 | 4 | _a621.5/ محم |
| 100 | 1 | _aمحمود، رمضان أحمد | |
| 245 | 1 | 0 |
_aمعدات التبريد الإنضغاطي : _bأساسيات-اختيارت-مسائل محلولة / |
| 264 | 1 |
_aالإسكندرية : _bمنشأة المعارف، |
|
| 300 | _a521 ص. | ||
| 650 | 1 | 7 | _aالهندسة الحرارية |
| 650 | 1 | 7 | _aأنظمة التبريد |
| 650 | 1 | 7 | _aأنظمة التبريدالتبخيري |
| 942 |
_2ddc _cBK |
||
| 999 |
_c82365 _d82365 |
||